=LDR 00000nam 2200000 4500 =001 INLIS000000000024379 =005 20210312083114 =035 ##$$a 0010-061300000024379 =008 210312################g##########0#ind## =041 ##$$a Ind =082 ##$$a 338.174 =090 ##$$a 338.174, Awa k =100 1#$$a Awang, San Afri =245 1#$$a Kelapa kajian sosial ekonomi /$c San Arfi Awang =260 ##$$a Yogyakarta :$b Aditya Media,$c 1991 =300 ##$$a 218 hlm ; $c 21x14 cm =650 #4$$a Kelapa - aspek ekonomi =850 ##$$a NBPNMAT =020 ##$$a 979-539-005-8 =084 ##$$a 338.174 AWA k =250 ##$$a cet.1 =990 ##$$a 00046218 =990 ##$$a 1199200326